A Textbook of Engineering Drawing (Record no. 3882)
[ view plain ]
| 000 -LEADER | |
|---|---|
| fixed length control field | 00385nam a22001457a 4500 |
| 008 - FIXED-LENGTH DATA ELEMENTS--GENERAL INFORMATION | |
| fixed length control field | 250617b |||||||| |||| 00| 0 eng d |
| 020 ## - INTERNATIONAL STANDARD BOOK NUMBER | |
| ISBN | 8121914310 |
| 100 ## - MAIN ENTRY--AUTHOR | |
| Author | Dhawan Er. R.k |
| 245 ## - TITLE STATEMENT | |
| Title | A Textbook of Engineering Drawing |
| 260 ## - PUBLICATION, DISTRIBUTION, ETC. (IMPRINT) | |
| Place of publication | New Delhi |
| Name of publisher | S. Chand & Company ltd. |
| Date of publication | 2012 |
| 300 ## - COLLATION | |
| Pagination | 673p |
| Other physical details | ill; |
| 650 ## - TRACINGS | |
| Main Subject | Mechanical Drawing |
| 942 ## - ADDED ENTRY ELEMENTS (KOHA) | |
| Item type | Books |
| 050 ## - LIBRARY OF CONGRESS CALL NUMBER | |
| Classification number | T 353 |
| Item number | .D43 |
| Source of classification or shelving scheme | Not for loan | Permanent location | Current location | Date acquired | Accession No. | Full call number | Barcode. | Koha item type |
|---|---|---|---|---|---|---|---|---|
| Library of Congress Classification | Samuel Ogbemudia Main Library, University of Abuja | Samuel Ogbemudia Main Library, University of Abuja | 06/17/2025 | 2024/379 | T 353 .D43 | 2025-2563 | Books |